Workshoes for Christ through personal evangelism. (Record no. 11039)

000 -LEADER
fixed length control field 00584nam a2200181 a 4500
001 - CONTROL NUMBER
control field :::00008832$&:&@@
003 - CONTROL NUMBER IDENTIFIER
control field OkBaRHE
005 - DATE AND TIME OF LATEST TRANSACTION
control field 20000607103346.0
008 - FIXED-LENGTH DATA ELEMENTS--GENERAL INFORMATION
fixed length control field s1978 j 000 0 eng u
040 ## - CATALOGING SOURCE
Transcribing agency
100 1# - MAIN ENTRY--PERSONAL NAME
Personal name Wright, A. D.
245 10 - TITLE STATEMENT
Title Workshoes for Christ through personal evangelism.
260 ## - PUBLICATION, DISTRIBUTION, ETC. (IMPRINT)
Place of publication, distribution, etc Madison, TN., :
Name of publisher, distributor, etc A. D. Wright, Publisher
Date of publication, distribution, etc c1978
300 ## - PHYSICAL DESCRIPTION
Extent 173 p. ;
Dimensions 22 cm.
650 ## - SUBJECT ADDED ENTRY--TOPICAL TERM
Topical term or geographic name as entry element Evangelistic Work
General subdivision Study and Teaching
942 ## - ADDED ENTRY ELEMENTS (KOHA)
Source of classification or shelving scheme
Koha item type Books
Copies
Copy number Lost status Koha item type Damaged status Barcode Not for loan Permanent Location Price effective from Shelving location Withdrawn status Source of classification or shelving scheme Full call number Date acquired Date last seen
1 Books 8832 RHEMA Bible Training College2010-04-14General Stacks  BV 3795 .W68W62010-04-142010-04-14